| 000 | | | 04237nmc2a22000003x 450 |
| 001 | | | 44f06969-edbe-4061-b5e0-ba77a0fe905c |
| 005 | | | 20190109213648.0 |
| 100 | ## | $a | 20170706l18491849k l0rusy0189 ca |
| 101 | 0# | $a | rus |
| 102 | ## | $a | RU |
| 200 | 1# | $a | Дело об отметке в формулярах лиц, представляемых к производству в чины, если они были под судом, времени предания их суду |
| | $j | 14 марта 1849 г. |
| 251 | ## | $c | Дело |
| 300 | ## | $a | По Канцелярии директора за 1849 год |
| 300 | ## | $a | Ориг. заголовок дела: Дело о наблюдении, чтобы при представлениях к производству в чины лиц, бывших под судом, в формулярных их списках, было означаемо время предания их суду годами, месяцами и числами. 14 марта 1849 г |
| 801 | #0 | $a | RU |
| | $b | РГИА |
| | $c | 20170706 |
| | $g | RCR |
| 801 | #1 | $a | RU |
| | $b | ГлавНИВЦ |
| | $c | 20170706 |
| | $2 | rusmarc |
| 801 | #2 | $a | RU |
| | $b | ПБ им. Б.Н. Ельцина |
| | $c | 20190109 |
| | $g | RCR |
| | $2 | rusmarc |
| 850 | ## | $a | РГИА |
| 852 | ## | $a | РГИА |
| | $e | Федеральное казенное учреждение "Российский государственный исторический архив" (РГИА) |
| | $j | 12489 |
| 937 | ## | $h | РГИА |
| | $d | 12247689 |
| | $a | ASBIBLIO_SCAN |
| 462 | #0 | $1 | 001dd3991dc-24e1-42ec-8838-ca4255420416 |
| | $1 | 2001 |
| | $a | 1746-1850 гг. |
| | $1 | 251 |
| | $c | Опись |
| | $1 | 852 |
| | $j | 1 |
| 461 | #0 | $1 | 0019264ebf8-de62-4f1a-9eb4-9f22098dbbd5 |
| | $1 | 2001 |
| | $a | Дирекция императорских театров МИДв |
| | $1 | 251 |
| | $c | Фонд |
| | $1 | 852 |
| | $j | 497 |
| 215 | ## | $a | 2 л. |
| | $d | 36,5х26 см |
| 371 | ## | $a | Документ не является опубликованным и широко распространяемым |
| 105 | ## | $a | y### |
| 122 | 0# | $a | d |
| 517 | 1# | $a | Дело о наблюдении, чтобы при представлениях к производству в чины лиц, бывших под судом, в формулярных их списках, было означаемо время предания их суду годами, месяцами и числами. 14 марта 1849 г |
| 035 | ## | $a | 44f06969-edbe-4061-b5e0-ba77a0fe905c |
| 856 | ## | $u | http://readingroom.main.prlib.ru/item.aspx?id_node=n122805403&mode=full |